01020cam a2200265 a 450000100100000000500170001000800410002704000300006808200170009810000360011524501050015126000400025630000380029649000250033450000440035950400260040365000490042970000350047871000280051383000320054191000280057304900090060195201270061099900170073700001065420200929162250.0700114s1969 nyuab b 001 0 eng d aDO-SdBNPcDLCdDLCdBNPHU a510.1bB493m1 aBergamini, David,d1928-92579810aMathematics, /cDavid Bergamini and the editors of Time-Life Books ; introduction of Henry Margenau. aNew York :bTime-Life Books,c1969. a200 p. :billus., maps, ;c28 cm.1 aLife science library aPart of the illustrative matter is col. aBibliography: p. 196. 4aMatemáticasxObras de divulgación9257991 aMargenau, Henry,eintr.9258002 aTime-Life Books.925801 0aLife science library925802 aCatalogación derivada aBNGR 001053728MOaGRbGRcCTd2009-10-08iLF1l0o510.1 B493mp10654-10r2020-06-25te. 1w2020-06-25y2ZPréstamo interno c10409d10409